80's Rock Albums - Sudden Death - Statistics

General Stats
  • This quiz has been taken 628 times
    217 since last reset
  • The average score is 5 of 15
Answers on the Grid
Answers color-coded by a green-red scale on the quiz's grid according to % correct below.
Aerosmith - Toys in the Attic
Alice Cooper - Lace & Whiskey
Black Sabbath - Sabotage!
Bob Seeger - Beautiful Loser
Bruce Springsteen - Nebraska
David Bowie - Let's Dance
Def Leppard - Hysteria
Electric Light Orchestra - Discovery
Foreigner - 4
George Harrison - Cloud Nine
Green Day - Dookie
Iron Maiden - Somewhere in Time
Journey - Frontiers
KISS - Lick it Up
Led Zeppelin - Houses of the Holy
Megadeth - Countdown to Extinction
Metallica - Ride the Lightning
Mötley Crüe - Dr. Feelgood
Neil Young - Rust Never Sleeps
Nirvana - Nevermind
Oasis - Definitely Maybe
Ozzy Osbourne - Bark at the Moon
Paul McCartney - Tug of War
R.E.M. - Out of Time
Rush - Moving Pictures
Soundgarden - Badmotorfinger
The Who - Who Are You?
Tom Petty - Into the Great Wide Open
U2 - War
Van Halen - Diver Down
 
Answer Stats
Answer % Correct
Def Leppard - Hysteria
62%
David Bowie - Let's Dance
51%
Mötley Crüe - Dr. Feelgood
42%
KISS - Lick it Up
38%
Ozzy Osbourne - Bark at the Moon
36%
Bruce Springsteen - Nebraska
35%
Metallica - Ride the Lightning
35%
U2 - War
33%
Foreigner - 4
28%
Iron Maiden - Somewhere in Time
28%
Journey - Frontiers
25%
Van Halen - Diver Down
25%
George Harrison - Cloud Nine
22%
Rush - Moving Pictures
21%
Paul McCartney - Tug of War
8%
No matching quizzes found
Score Distribution
Percent of People with Each Score
Percentile by Number Answered
Your Score History
You have not taken this quiz since the last reset